The History of the Renowned Don Quixote de la Mancha (Record no. 2930)

MARC details
000 -CABECERA
campo de control de longitud fija 01699nam a2200325 a 4500
001 - NÚMERO DE CONTROL
campo de control BRCA_3194
005 - FECHA Y HORA DE LA ÚLTIMA TRANSACCIÓN
campo de control 20190320204145.0
008 - DATOS DE LONGITUD FIJA--INFORMACIÓN GENERAL
campo de control de longitud fija 180209s1725----enka---###---#000-0denk-u
041 ## - CÓDIGO DE LENGUA
Código de lengua del texto/banda sonora o título independiente eng
044 ## - CÓDIGO DEL PAÍS DE LA ENTIDAD EDITORA/PRODUCTORA
Código MARC del país enk
084 ## - OTRO NÚMERO DE CLASIFICACIÓN
Número de clasificación 495
Número de documento/Ítem .K537
-- 1725
100 1# - ENTRADA PRINCIPAL--NOMBRE DE PERSONA
Nombre de persona Cervantes Saavedra, Miguel de
Fechas asociadas al nombre 1547-1616
9 (RLIN) 213
245 10 - MENCIÓN DE TÍTULO
Título The History of the Renowned Don Quixote de la Mancha
Mención de responsabilidad, etc. Written in Spanish by Miguel de Cervantes Saavedra.
260 ## - PUBLICACIÓN, DISTRIBUCIÓN, ETC.
Lugar de publicación, distribución, etc. Londres
Nombre del editor, distribuidor, etc. J. Knapton and Co.
Fecha de publicación, distribución, etc. 1725
300 ## - DESCRIPCIÓN FÍSICA
Extensión 4 v.
Otras características físicas il.
Dimensiones 17 cm.
500 ## - NOTA GENERAL
Nota general Contenido : v 1. Primera parte. Noticia sobre el autor. Prólogo de Cervantes. Texto. -- v 2. Texto. -- v 3. Segunda parte. Prólogo del autor. Texto. -- v 4. Texto
500 ## - NOTA GENERAL
Nota general Edición : Traslated by Several Hands and Publish´d by Peter Motteux. In 4 vols. Adorn´a with new Sculptures. The 5a ed., Carefully rev., and Compared with the Best edition of the Original, Print at Madrid by J. Ozell. Nullum Magnum Ingenium sine Mixtura Dementiae
500 ## - NOTA GENERAL
Nota general Quinta edición de la traducción de Motteux, revisada y corregida por J. Ozell, copia de la anterior. Piel; lomos decorados con filetes dorados Lúdovik Osterc
500 ## - NOTA GENERAL
Nota general Estado físico : Contiene anotaciones manuscritas en las cubiertas
500 ## - NOTA GENERAL
Nota general QM710
546 ## - NOTA DE LENGUA/LENGUAJE
Nota de lengua/lenguaje Texto en : inglés
650 14 - PUNTO DE ACCESO ADICIONAL DE MATERIA--TÉRMINO DE MATERIA
Término de materia o nombre geográfico como elemento de entrada Novela española
Subdivisión cronológica Época clásica, 1500-1700
9 (RLIN) 215
650 14 - PUNTO DE ACCESO ADICIONAL DE MATERIA--TÉRMINO DE MATERIA
Término de materia o nombre geográfico como elemento de entrada Literatura española
Subdivisión cronológica Época clásica, 1500-1700
9 (RLIN) 216
650 14 - PUNTO DE ACCESO ADICIONAL DE MATERIA--TÉRMINO DE MATERIA
Término de materia o nombre geográfico como elemento de entrada Novela española
Subdivisión cronológica Siglo XVII
9 (RLIN) 217
650 14 - PUNTO DE ACCESO ADICIONAL DE MATERIA--TÉRMINO DE MATERIA
Término de materia o nombre geográfico como elemento de entrada Don Quijote (Personaje ficticio)
Término indicativo de función/relación Novela
9 (RLIN) 218
700 1# - PUNTO DE ACCESO ADICIONAL--NOMBRE DE PERSONA
Nombre de persona Motteux, Peter Anthony
Fechas asociadas al nombre 1663-1718
Término indicativo de función/relación Traductor
9 (RLIN) 8565
740 0# - PUNTO DE ACCESO ADICIONAL--TÍTULO RELACIONADO O ANALÍTICO NO CONTROLADO
Título relacionado o analítico no controlado El Ingenioso Hidalgo Don Quijote de la Mancha
902 ## - CATALOGADOR
Iniciales QFM
942 ## - ELEMENTOS DE PUNTO DE ACCESO ADICIONAL (KOHA)
Fuente del sistema de clasificación o colocación Library of Congress Classification
Tipo de ítem Koha Libros
Holdings
Estado de retiro Estado de pérdida Estado dañado No para préstamo Localización permanente Ubicación/localización actual Fecha de adquisición Número de inventario Total de préstamos Signatura topográfica completa Código de barras Fecha visto por última vez Precio válido a partir de Tipo de ítem Koha
El ejemplar forma parte de la colección y puede ser consultado según las políticas vigentes.       Biblioteca del Museo Franz Mayer (Rogerio Casas-Alatriste) Biblioteca del Museo Franz Mayer (Rogerio Casas-Alatriste) 18/02/2009 QM710   495 .K537 1725 (QM710) 3191 22/03/2019 22/03/2019 Libros